| 000 | 00408nam a2200109Ia 4500 | ||
|---|---|---|---|
| 008 | 171212s9999 xx 000 0 und d | ||
| 100 | _aPorche III, Isaac R.;Sollinger, Jerry M.;McKay, Shawn | ||
| 245 |
_cPorche III, Isaac R.;Sollinger, Jerry M.;McKay, Shawn _aA Cyberworm that Knows No Boundaries |
||
| 260 |
_bRAND Corporation _c2011 |
||
| 650 | _aTechnology | ||
| 856 | _uwww.jstor.org/stable/10.7249/op342osd | ||
| 999 |
_c351642 _d351642 |
||